Heutige Frühstaaten des Deutschen Reichs - Statistiken

Allgemein
  • Dieses Quiz wurde 75 mal gespielt
    61 seit der letzten Aktualisierung
  • Das Durchschnittsergebnis liegt bei 19 aus 28
Antwortstatistiken
Hint Antwort % Korrekt
Polen / Russland Ostpreußen
94%
Ostdeutschland Sachsen
91%
Polen Westpreußen
91%
Süddeutschland Baden
89%
Süddeutschland Niederbayern
89%
Süddeutschland Oberbayern
89%
Frankreich Elsaß
85%
Süddeutschland Württemberg
85%
Norddeutschland Mecklenburg
83%
Frankreich Lothringen
81%
Zentraldeutschland Hessen
79%
Westdeutschland Rheinland
79%
Zentraldeutschland Thüringen
79%
Ostdeutschland Brandenburg
77%
Norddeutschland Holstein
74%
Norddeutschland Schleswig
72%
Westdeutschland Pfalz
70%
Polen Oberschlesien
68%
Westdeutschland Saarland
68%
Polen Niederschlesien
66%
Ostdeutschland Vorpommern
60%
Norddeutschland Niedersachsen
57%
Zentraldeutschland Anhalt
51%
Süddeutschland Franken
45%
Polen Posen
38%
Litauen Memelland
32%
Polen Hinterpommern
17%
Westdeutschland Moselland
6%
Keine übereinstimmenden Quizze gefunden
Verteilung der Resultate
Anzahl Personen mit jedem Resultat
Perzentil nach korrekt beantworteten Fragen
Ihre Resultats-Entwicklung
Sie haben dieses Quiz seit der letzten Aktualisierung nicht gespielt